000 00497nam a2200169Ia 4500
003 GCL
008 140319s9999 xx 000 0 ara d
040 _aGCL /
_cGCL
082 0 4 _a017
_bم م
100 1 _aمحمد عبدالمنعم خفاجى
245 1 0 _aمصادر المكتبية الادبية /
_cمحمد عبدالمنعم خفاجى
260 _a[S.N] :
_bدار الجيل ،
_c1992
300 _a215 ص
490 _a
650 0 4 _aالببليوجرافيا
942 _2ddc
_cBK
999 _c53337
_d53337